| 000 | 00720nam2a2200205 4500 | ||
|---|---|---|---|
| 001 | RU\NLR\PER_A\002467168_000370 | ||
| 005 | 20250626080046.0 | ||
| 035 | _a(NLR Aleph) 011492627 | ||
| 090 |
_a11952929 _c11952929 |
||
| 100 | _a20171010d2017 |||y0rusy50 ca | ||
| 101 | 0 | _arus | |
| 102 | _aRU | ||
| 200 | 0 | _a2017, № 2 | |
| 210 |
_d2017 _aБ. м. |
||
| 461 | 0 |
_1001RU\NLR\INFOCOMM19\1000048053 _12001#$aИнформатизация и связь$eНауч.-практ. журн.$v2017, № 2 _92305468 _c[М.] _d2000 - _nБ. и. _oНауч.-практ. журн. _tИнформатизация и связь _x2078-8320 _v2017, № 2 |
|
| 852 |
_aNLR _jП23/5148 |
||
| 942 | _cISSUE | ||
| 980 | _aNB | ||
| 980 | _aRUSPER | ||